00827nam a22002177a 4500999001700000003000900017008004100026020001800067040007100085082002500156110002000181245004400201260002900245300002400274505011000298650003200408650002900440942001600469945002000485952010400505  c11571d11571AR-CdUCM190402b           ||||| |||| 00| 0 spa d  a84-294-2029-0  aMUNICIPALIDAD PROVINCIAL DEL CUSCOcBIBLIOTECA MUNICIPAL DEL CUSCO  aEP / 372.036 /bEN56  aSantilla928044  aEnciclopedia básica :bCuarto grado /  aLima :bSantilla,c1982.  a231 paginasc23 cm.  aContenido :Reglas de transito -- Numeración decimal -- Mediciones -- La tierra -- Nuestra américa ...  aEducación primaria 91561  aHistoria del Perú9259  2ddccLIBROS  arumd04/04/2019  002ddc4070aSIbSIcCHILDd2019-04-04g32.00oEP / 372.036 / EN56pSI00001258r2019-04-04yLIBROS